Logo BPK

Bibliografia Prac Pracowników

Politechniki Koszalińskiej

Udział wychodźstwa w Powstaniu Wielkopolskim 1918 - 1919 : (Rekord nr 4061)

Szczegóły MARC
000 -ETYKIETA REKORDU
podpole kontrolne o stałej długości 01048nab a2200205 i 4500
001 - NUMER KONTROLNY REKORDU
podpole kontrolne BPP
003 - IDENTYFIKATOR NUMERU KONTROLNEGO REKORDU
podpole kontrolne BPK
005 - DATA OSTATNIEJ MODYFIKACJI REKORDU
podpole kontrolne 20160402140249.0
008 - POLE O STAŁEJ DŁUGOŚCI - DANE KONTROLNE
podpole kontrolne o stałej długości 15627 s1985 pl n f |000 0pol
040 ## - ŹRÓDŁO KATALOGOWANIA
Instytucja, która utworzyła rekord BPK
080 ## - UNIWERSALNA KLASYFIKACJA DZIESIĘTNA - UKD
UKD 94(438).081
100 ## - NAZWA OSOBOWA
Nazwa osobowa POLAK, Bogusław.
Lata pracy 1979 - 1996.
Instytucja Wyższa Szkoła Inżynierska w Koszalinie - Instytut Nauk Społecznych
245 ## - TYTUŁ/ODPOWIEDZIALNOŚĆ
Tytuł Udział wychodźstwa w Powstaniu Wielkopolskim 1918 - 1919 :
Ciąg dalszy tytułu (informacja o stanie badań) /
Pozostałe elementy strefy tytułu i oznaczenia odpowiedzialności Bogusław Polak, Marek Rezler.
260 ## - STREFA ADRESU WYDAWNICZEGO
Data publikacji, dystrybucji/powstania dokumentu 1985.
500 ## - UWAGI OGÓLNE
Tekst uwagi Dane z autopsji.
520 ## - UWAGA DOTYCZĄCA TREŚCI DOKUMENTU
Analiza dokumentacyjna, adnotacja itp. Informacje dotyczące udziału wychodźstwa w Powstaniu Wielkopolskim są niepełne i fragmentaryczne. W przeważającej większości są one związane z dziejami Sokoła - najliczniejszej i najpopularniejszej siły organizacyjnej Polaków przebywających na emigracji.
650 #0 - HASŁO PRZEDMIOTOWE W FORMIE NAZWY OGÓLNEJ LUB JEDNOSTKOWEJ
Nazwa ogólna lub geograficzna Powstanie 1918 r. wielkopolskie.
773 ## - TYTUŁ DOKUMENTU MACIERZYSTEGO
Wyrażenie wprowadzające W :
Tytuł Koszalińskie Studia i Materiały. -
Adres wydawniczy Koszalin : Koszaliński Ośrodek Naukowo-Badawczy, 1985. -
Informacje dotyczące relacji 1983, nr 2(42), s. 61-87
942 ## - HASŁO DODATKOWE - ELEMENTY(KOHA)
Typ dokumentu Artykuł
Schemat klasyfikacji Uniwersalna klasyfikacja dziesiętna
Egzemplarze
Wycofany Zagubiony Uszkodzony Dostępność Lokalizacja stała Lokalizacja bieżąca Sygnatura Typ dokumentu
      Dostępny Bibliografia Prac Pracowników - BPK Bibliografia Prac Pracowników - BPK 0856 Artykuł
© 2014 Biblioteka Politechniki Koszalińskiej :: BIBLIOGRAFIA PRAC PRACOWNIKÓW